[Event "AUS-ch Minor"]
[Site "Cammeray"]
[Date "2013.01.11"]
[Round "9"]
[White "Roche, Stephen"]
[Black "Baldwin, Tony"]
[Result "1-0"]
[WhiteElo "1482"]
[BlackElo "1439"]
[PlyCount "35"]
[EventDate "2013.01.02"]
[EventType "swiss"]
[EventRounds "11"]
[EventCountry "AUS"]
[SourceTitle "EXT 2022"]
[Source "ChessBase"]
[SourceDate "2021.10.06"]
[SourceVersion "1"]
[SourceVersionDate "2021.10.06"]
[SourceQuality "1"]

1. e4 c6 2. d4 d5 3. Nc3 dxe4 4. Nxe4 Bf5 5. Ng3 Bg6 6. h4 h6 7. h5 Bh7 8. Nf3 Nd7 9. Bd3 Bxd3 10. Qxd3 e6 11. Bd2 Ngf6 12. 0-0-0 Be7 13. Rde1 0-0 14. Ne4 a5 15. Nxf6+ Bxf6 16. g4 Bg5 17. Bxg5 hxg5 18. Qe3 1-0

[Event "AUS-ch Minor"]
[Site "Cammeray"]
[Date "2013.01.07"]
[Round "6"]
[White "Gardiner Garden, Aelfric"]
[Black "Roche, Stephen"]
[Result "1-0"]
[WhiteElo "1311"]
[BlackElo "1482"]
[PlyCount "83"]
[EventDate "2013.01.02"]
[EventType "swiss"]
[EventRounds "11"]
[EventCountry "AUS"]
[SourceTitle "EXT 2022"]
[Source "ChessBase"]
[SourceDate "2021.10.06"]
[SourceVersion "1"]
[SourceVersionDate "2021.10.06"]
[SourceQuality "1"]

1. d4 Nf6 2. Bg5 d5 3. Bxf6 exf6 4. e3 Bd6 5. c4 c6 6. cxd5 cxd5 7. Nc3 Be7 8. Qb3 Nc6 9. Qxd5 Bd6 10. Qe4+ Ne7 11. Bb5+ Bd7 12. Qxb7 Rb8 13. Bxd7+ Kf8 14. Qxa7 g6 15. Bb5 Kg7 16. Qd7 Qb6 17. Qg4 Bb4 18. Bd3 Bxc3+ 19. bxc3 Qb2 20. Qd1 Qxc3+ 21. Kf1 Nd5 22. Ne2 Qa5 23. Rb1 Rbd8 24. Rb5 Qa8 25. Be4 Nxe3+ 26. fxe3 Qxe4 27. Rb3 Rhe8 28. Qd3 Qh4 29. Nf4 Rc8 30. g3 Qg4 31. Kg2 Rxe3 32. Qd1 Rc2+ 33. Qxc2 Qf3+ 34. Kh3 Qxf4 35. Rxe3 Qxe3 36. Rf1 Qe6+ 37. Kg2 Qd5+ 38. Rf3 h5 39. Qf2 h4 40. Kg1 h3 41. Rxf6 Qe4 42. Rxf7+ 1-0

[Event "Sydney op-B"]
[Site "Parramatta"]
[Date "2010.04.10"]
[Round "7"]
[White "Mithran, Mirakla"]
[Black "Roche, Stephen"]
[Result "0-1"]
[WhiteElo "1584"]
[BlackElo "1168"]
[PlyCount "56"]
[EventDate "2010.04.07"]
[EventType "swiss"]
[EventRounds "9"]
[EventCountry "AUS"]
[SourceTitle "EXT 2012"]
[Source "ChessBase"]
[SourceDate "2011.11.24"]
[SourceVersion "1"]
[SourceVersionDate "2011.11.24"]
[SourceQuality "1"]

1. e4 e5 2. Nf3 Nc6 3. d4 exd4 4. Bc4 Nf6 5. e5 d5 6. Bb5 Ne4 7. Nxd4 Bc5 8. Be3 Bxd4 9. Qxd4 0-0 10. Bxc6 bxc6 11. 0-0 Re8 12. f3 Ng5 13. Bxg5 Qxg5 14. f4 Qh4 15. Na3 Bf5 16. Rf3 Re6 17. Rg3 Rh6 18. e6 Qxh2+ 19. Kf2 Rg6 20. exf7+ Kxf7 21. Rxg6 hxg6 22. Qe5 Re8 23. Qxc7+ Re7 24. Qd6 Be4 25. Rg1 Qh4+ 26. Kf1 Qg3 27. Qc5 Bxg2+ 28. Rxg2 Qe1# 0-1

[Event "Sydney op-B"]
[Site "Parramatta"]
[Date "2010.04.09"]
[Round "5"]
[White "Willathgamuwa, Rowan"]
[Black "Roche, Stephen"]
[Result "0-1"]
[WhiteElo "424"]
[BlackElo "1168"]
[PlyCount "62"]
[EventDate "2010.04.07"]
[EventType "swiss"]
[EventRounds "9"]
[EventCountry "AUS"]
[SourceTitle "EXT 2012"]
[Source "ChessBase"]
[SourceDate "2011.11.24"]
[SourceVersion "1"]
[SourceVersionDate "2011.11.24"]
[SourceQuality "1"]

1. e4 e5 2. Nf3 Nc6 3. d4 exd4 4. Nxd4 d6 5. Nc3 Nf6 6. Nxc6 bxc6 7. Bc4 Nxe4 8. Nxe4 d5 9. Bxd5 cxd5 10. Nc3 Be6 11. Qd3 a6 12. 0-0 Be7 13. Rd1 c6 14. b3 0-0 15. Bb2 Bd6 16. Ne2 c5 17. Qc3 d4 18. Qd3 Bg4 19. f3 Be6 20. c3 Qh4 21. g3 Qg5 22. cxd4 cxd4 23. Qxd4 Bc5 24. h4 Bxd4+ 25. Bxd4 Qb5 26. Nf4 Rac8 27. Nh5 Qxh5 28. f4 Qf3 29. Rf1 Qxg3+ 30. Kh1 Bd5+ 31. Rf3 Bxf3# 0-1

[Event "Sydney op-B"]
[Site "Parramatta"]
[Date "2010.04.08"]
[Round "3"]
[White "Ross, William"]
[Black "Roche, Stephen"]
[Result "1-0"]
[WhiteElo "1345"]
[BlackElo "1168"]
[PlyCount "133"]
[EventDate "2010.04.07"]
[EventType "swiss"]
[EventRounds "9"]
[EventCountry "AUS"]
[SourceTitle "EXT 2012"]
[Source "ChessBase"]
[SourceDate "2011.11.24"]
[SourceVersion "1"]
[SourceVersionDate "2011.11.24"]
[SourceQuality "1"]

1. e4 e5 2. Nf3 Nc6 3. Bb5 a6 4. Ba4 Nf6 5. 0-0 Be7 6. Re1 b5 7. Bb3 d6 8. c3 0-0 9. h3 Na5 10. Bc2 c5 11. d4 cxd4 12. cxd4 Qc7 13. Nc3 Bb7 14. d5 Rac8 15. Bd3 Nc4 16. b3 Nb6 17. Ne2 Nh5 18. Be3 Nd7 19. Rc1 Qd8 20. Rxc8 Bxc8 21. Qd2 Re8 22. Rc1 Nf8 23. Qc3 Ng6 24. Qc7 Nh4 25. Nxh4 Qxc7 26. Rxc7 Bxh4 27. Rc6 Be7 28. g4 Nf6 29. Ng3 g6 30. f4 exf4 31. Bxf4 Rd8 32. Kf2 g5 33. Be3 Bb7 34. Rc7 Rd7 35. Rc2 Ne8 36. Nf5 Bf6 37. Kf3 Ng7 38. Nd4 h6 39. Nc6 Ne8 40. Bb6 Kg7 41. Nb8 Re7 42. Bd8 Re5 43. Bxf6+ Nxf6 44. Rc7 Ba8 45. Nxa6 h5 46. Nb4 Re8 47. Nc6 Rh8 48. Kg3 hxg4 49. hxg4 Rh4 50. Nd4 Rxg4+ 51. Kf3 Bxd5 52. Nf5+ Kg6 53. Ne7+ Kh5 54. Nxd5 Nxd5 55. exd5 Rf4+ 56. Ke3 Kg4 57. Be2+ Kg3 58. Rc1 f6 59. Rg1+ Kh4 60. Bxb5 Kh3 61. Bf1+ Kh2 62. Rg2+ Kh1 63. Rf2 Rxf2 64. Kxf2 f5 65. Bh3 f4 66. Kf3 Kh2 67. Bg4 1-0

[Event "AUS-ch Minor"]
[Site "Cammeray"]
[Date "2010.01.11"]
[Round "9"]
[White "Beahan, Patrick"]
[Black "Roche, Stephen"]
[Result "1-0"]
[WhiteElo "1210"]
[BlackElo "1060"]
[PlyCount "119"]
[EventDate "2010.01.02"]
[EventType "swiss"]
[EventRounds "11"]
[EventCountry "AUS"]
[SourceTitle "EXT 2011"]
[Source "ChessBase"]
[SourceDate "2010.11.26"]
[SourceVersion "1"]
[SourceVersionDate "2010.11.26"]
[SourceQuality "1"]

1. e4 e5 2. Nf3 Nc6 3. Bb5 a6 4. Ba4 Nf6 5. 0-0 Be7 6. Re1 b5 7. Bb3 0-0 8. c3 d6 9. d3 Na5 10. Bc2 c5 11. Nbd2 Bg4 12. h3 Bh5 13. Nf1 Nc6 14. Ng3 h6 15. Nf5 b4 16. Be3 Nh7 17. Nxe7+ Qxe7 18. g4 Bg6 19. Bb3 Rac8 20. Qd2 Nd8 21. Kg2 Ne6 22. Kg3 a5 23. h4 Nf6 24. h5 Bxe4 25. Nh4 Qd7 26. f3 Bh7 27. a3 e4 28. dxe4 bxc3 29. Qxc3 Bxe4 30. Qxa5 Bh7 31. Rad1 Qc6 32. Ba4 Qb7 33. Qc3 d5 34. Qd2 d4 35. Bg1 Qc7+ 36. Kf2 Nf4 37. Kf1 Bd3+ 38. Kf2 Nh3+ 39. Kg2 Nf4+ 40. Kh1 N6d5 41. Ng2 Nxg2 42. Kxg2 c4 43. Bxd4 Rfd8 44. Be5 Qb7 45. g5 hxg5 46. Qxg5 f6 47. Bxf6 Nxf6 48. h6 Qxb2+ 49. Kh1 Qb7 50. Re3 Qf7 51. h7+ Kxh7 52. Rd2 Rh8 53. Kg1 Kg8 54. Rg2 Qb7 55. Bb5 Nh7 56. Qe5 Nf6 57. Qxf6 Rf8 58. Qe6+ Qf7 59. Qg4 Qe7 60. Rxe7 1-0

[Event "AUS-ch Minor"]
[Site "Cammeray"]
[Date "2010.01.06"]
[Round "4"]
[White "Farrell, Keith"]
[Black "Roche, Stephen"]
[Result "0-1"]
[WhiteElo "1328"]
[BlackElo "1060"]
[PlyCount "72"]
[EventDate "2010.01.02"]
[EventType "swiss"]
[EventRounds "11"]
[EventCountry "AUS"]
[SourceTitle "EXT 2011"]
[Source "ChessBase"]
[SourceDate "2010.11.26"]
[SourceVersion "1"]
[SourceVersionDate "2010.11.26"]
[SourceQuality "1"]

1. e4 e5 2. Nf3 Nc6 3. Bb5 a6 4. Ba4 Nf6 5. 0-0 d6 6. Re1 Be7 7. h3 0-0 8. c3 b5 9. Bc2 Na5 10. d4 exd4 11. cxd4 c6 12. Bg5 h6 13. Bh4 Be6 14. b3 Ra7 15. Qd3 g6 16. e5 Nd5 17. Bxe7 Qxe7 18. exd6 Qxd6 19. Nbd2 Bf5 20. Ne4 Qd8 21. Qd2 Kg7 22. Ne5 Qc7 23. Re2 Nb7 24. Rae1 Nd8 25. Bd3 Ne6 26. Nf3 Nef4 27. Nh4 Nxe2+ 28. Qxe2 Nf4 29. Nxf5+ gxf5 30. Qf3 Nxd3 31. Qxf5 Nxe1 32. Qf6+ Kg8 33. Qxh6 Nf3+ 34. gxf3 f6 35. Kf1 Qg7 36. Qf4 Qg6 0-1